Cariño malo

Saved in:
Bibliografiske detaljer
Hovedforfatter: Stranger Rodríguez, Inés Margarita (autora)
Format: Bog
Sprog:spansk
Udgivet: Santiago Cuarto Propio 2008
Udgivelse:1a. ed
Serier:Libros del Estudiante
Fag:
Tags: Tilføj Tag
Ingen Tags, Vær først til at tagge denne postø!

MARC

LEADER 00000cam a2200000 a 4500
001 UCG9474
003 CL-VaPUC
008 120316e20080500CL |||||||||||||||||spa|d
020 |a 9789562604383 
082 0 4 |a Ch862  |b STR  |2 21 
100 |a Stranger Rodríguez, Inés Margarita  |e autora  |9 561055 
245 1 0 |a Cariño malo 
246 1 0 |a Malinche 
246 1 0 |a Tálamo 
250 |a 1a. ed 
300 |a 131 p 
942 |c BK 
945 |d 20120316 00:00:00  |a dcastane 
260 |a Santiago  |b Cuarto Propio  |c 2008 
650 0 |a Teatro chileno  |9 266701 
650 0 |a Dramas chilenos  |9 313819 
583 |a last modification  |c 20120316 11:38:00  |k Rodrigo Vera 
490 0 |a Libros del Estudiante 
999 |c 347026  |d 347024